000 00458nam a2200181Ia 4500
001 4807
005 20260306145822.0
008 260306t2001||||xx |||||||||||||| ||spa||
041 _aESP
082 _a330.122
_bF48
100 _aFigueroa, Adolfo, 1941-
_eAUT
245 0 _aReformas en sociedades desiguales:
_bla experiencia peruana
260 _c2001
300 _a278 páginas :
_c25 cm.
650 _aGEN
654 _aCAN
942 _cLIB
_dJUS
_fJUS
_2ddc
_n
999 _c4807
_d4807